[Event "C.to Provinciale AN-AP-FM-MC"]
[Site "Porto Sant'Elpidio ITA"]
[Date "2016.01.31"]
[Round "4"]
[White "Marvulli, Michele"]
[Black "Zingaretti, Primo"]
[WhiteElo "1407"]
[BlackElo "1569"]
[Result "0-1"]
[PlyCount "110"]
[EventDate "2016.01.29"]

1. e4 e5 2. Nf3 Nc6 3. Bc4 Bc5 4. O-O d6 5. c3 Bg4 6. b4 Bb6 7. a4 a5 8. b5
Nce7 9. Qb3 Bxf3 10. Bxf7+ Kf8 11. gxf3 Nf6 12. d4 d5 13. Be6 Qd6 14. Bxd5
Nfxd5 15. Ba3 Qg6+ 16. Kh1 Nf4 17. Rg1 Qf7 18. Qxf7+ Kxf7 19. Bb2 Nd3 20. Ba3
Ng6 21. Kg2 exd4 22. Rd1 Ngf4+ 23. Kf1 dxc3 24. Nxc3 Ne5 25. Nd5 Nxd5 26. Rxd5
Kf6 27. Rad1 g5 28. Bb2 Rae8 29. Kg2 Re6 30. h4 Rhe8 31. Kg3 Kg6 32. hxg5 Nc4
33. Bf6 Rd6 34. Rxd6 Nxd6 35. e5 Nf5+ 36. Kg4 Bxf2 37. Rd2 Bb6 38. f4 h5+ 39.
gxh6 Nxh6+ 40. Kf3 Kf5 41. Rh2 Ng8 42. Rh5+ Ke6 43. Bh8 Ne7 44. Ke4 Bc5 45. f5+
Nxf5 46. Rxf5 Rxh8 47. Rf6+ Ke7 48. Kd5 Bb6 49. Rg6 Rd8+ 50. Kc4 Rd4+ 51. Kb3
Re4 52. Rg8 Rxe5 53. Rb8 Kd6 54. Rxb7 Kc5 55. Rb8 Re3+ 0-1

[Event "C.to Provinciale AN-AP-FM-MC"]
[Site "Porto Sant'Elpidio ITA"]
[Date "2016.01.31"]
[Round "4"]
[White "Miandro, Steven"]
[Black "Menichelli, Alessandro"]
[WhiteElo "1881"]
[BlackElo "1922"]
[Result "1-0"]
[PlyCount "73"]
[EventDate "2016.01.29"]

1. d4 Nf6 2. c4 c5 3. d5 e6 4. Nc3 exd5 5. cxd5 d6 6. e4 g6 7. f4 Bg7 8. Bb5+
Nfd7 9. a4 a6 10. Bd3 O-O 11. Nf3 Nf6 12. O-O Bg4 13. h3 Bxf3 14. Qxf3 Nbd7 15.
Re1 Qc7 16. Be3 Rab8 17. Bf2 Rfe8 18. Rad1 Qa5 19. Re2 b5 20. axb5 axb5 21.
Rde1 b4 22. Nd1 Qc7 23. Ne3 Nb6 24. Nc4 Nfd7 25. Nxb6 Nxb6 26. Bb5 Nd7 27. Bxd7
Qxd7 28. e5 c4 29. Kh1 Rb5 30. exd6 Rxe2 31. Qxe2 Rxd5 32. Qe8+ Qxe8 33. Rxe8+
Bf8 34. d7 Rxd7 35. Bc5 Kg7 36. Bxf8+ Kf6 37. Bxb4 1-0

[Event "C.to Provinciale AN-AP-FM-MC"]
[Site "Porto Sant'Elpidio ITA"]
[Date "2016.01.31"]
[Round "4"]
[White "Nagni, Marco"]
[Black "Bruni, Emiliano"]
[WhiteElo "1775"]
[BlackElo "1784"]
[Result "0-1"]
[PlyCount "68"]
[EventDate "2016.01.29"]

1. d4 Nf6 2. c4 e6 3. Nc3 Bb4 4. a3 Bxc3+ 5. bxc3 b6 6. f3 Ba6 7. e4 Nc6 8. Bd3
Na5 9. Bg5 h6 10. Bh4 g5 11. Bf2 Bxc4 12. Ne2 Bxd3 13. Qxd3 Qe7 14. Ng3 Nb3 15.
Rd1 O-O 16. c4 Na5 17. e5 Nh7 18. Nh5 d6 19. h4 dxe5 20. dxe5 Rad8 21. Qc2
Rxd1+ 22. Kxd1 Qxa3 23. Ke2 Qb3 24. Qxb3 Nxb3 25. hxg5 hxg5 26. Be3 f5 27. exf6
Nxf6 28. Bxg5 Nxh5 29. Rxh5 a5 30. Kd3 Rf5 31. f4 Nc5+ 32. Kd4 e5+ 33. Ke3
exf4+ 34. Kf3 Ne6 0-1

[Event "C.to Provinciale AN-AP-FM-MC"]
[Site "Porto Sant'Elpidio ITA"]
[Date "2016.01.31"]
[Round "4"]
[White "Occhipinti, Giuseppe"]
[Black "Skrijely, Edin"]
[WhiteElo "1969"]
[BlackElo "1682"]
[Result "1-0"]
[PlyCount "73"]
[EventDate "2016.01.29"]

1. e4 d6 2. d4 g6 3. Be3 Nf6 4. f3 c6 5. Qd2 Nbd7 6. Nc3 b5 7. g4 Bb7 8. Bg2 a6
9. Nge2 Nb6 10. b3 Qc7 11. Ng3 O-O-O 12. O-O h5 13. g5 h4 14. Nge2 h3 15. Bh1
Nh5 16. Nf4 Nxf4 17. Bxf4 Bg7 18. a4 b4 19. Ne2 a5 20. c3 Ba6 21. Rfe1 c5 22.
cxb4 Bxe2 23. bxc5 Ba6 24. cxb6 Qxb6 25. Be3 Rh5 26. f4 Rh4 27. Bf3 Kd7 28.
Rab1 d5 29. e5 Rb8 30. Bf2 Rhh8 31. Bxd5 Bb7 32. Bxf7 Qc6 33. d5 Qa6 34. Be6+
Ke8 35. Rec1 Rd8 36. Qc2 Bxd5 37. Qxg6+ 1-0

[Event "C.to Provinciale AN-AP-FM-MC"]
[Site "Porto Sant'Elpidio ITA"]
[Date "2016.01.31"]
[Round "4"]
[White "Peretti, Feliciano"]
[Black "Fratini, Mauro"]
[WhiteElo "1212"]
[BlackElo "1815"]
[Result "0-1"]
[PlyCount "62"]
[EventDate "2016.01.29"]

1. e4 e6 2. d4 d5 3. Nc3 dxe4 4. Nxe4 Nd7 5. Nf3 Ngf6 6. Nxf6+ Nxf6 7. Bd3 h6
8. Bf4 Bd6 9. Bxd6 cxd6 10. O-O Bd7 11. Re1 O-O 12. Qd2 Qb6 13. c3 Bc6 14. Qe2
Qa5 15. Rad1 Qxa2 16. Bc4 Qa5 17. Rd3 d5 18. Bb3 Bb5 19. Bc2 Qa6 20. Ne5 Bxd3
21. Bxd3 Qd6 22. Qf3 Nd7 23. Ng4 f5 24. Ne5 Nxe5 25. Rxe5 Rf6 26. h3 Rc8 27.
Qd1 a6 28. Qa1 b5 29. Qa5 Rc6 30. Kf1 Qc7 31. Kg1 Qxa5 0-1

[Event "C.to Provinciale AN-AP-FM-MC"]
[Site "Porto Sant'Elpidio ITA"]
[Date "2016.01.31"]
[Round "4"]
[White "Ricci, Angelo"]
[Black "Vincioni, Alberto"]
[WhiteElo "1445"]
[BlackElo "1285"]
[Result "1-0"]
[PlyCount "76"]
[EventDate "2016.01.29"]

1. c4 g6 2. g3 Bg7 3. Bg2 e6 4. Nc3 Ne7 5. Nf3 d5 6. cxd5 exd5 7. d4 b6 8. O-O
c5 9. Rb1 Nbc6 10. dxc5 bxc5 11. Na4 Bf5 12. Ra1 c4 13. a3 Na5 14. Nd4 Bd7 15.
Nc3 Be6 16. Nxe6 fxe6 17. Qa4+ Nec6 18. Rd1 O-O 19. Rb1 Rb8 20. Nxd5 Rc8 21.
Nb4 Qb6 22. Be3 Qc7 23. Nxc6 Nxc6 24. Qxc4 Rfe8 25. Rdc1 Be5 26. b4 Nd4 27. Qd3
Qd7 28. Rd1 Rcd8 29. Bxd4 Bxd4 30. e3 Bxe3 31. Qxd7 Rxd7 32. Rxd7 Bb6 33. Kf1
Rf8 34. Rb2 Bd4 35. Rc2 Be3 36. a4 Bb6 37. a5 Be3 38. Re7 Bc5 1-0

[Event "C.to Provinciale AN-AP-FM-MC"]
[Site "Porto Sant'Elpidio ITA"]
[Date "2016.01.31"]
[Round "4"]
[White "Rinaudo, Claudio"]
[Black "Foglia, Maurizio"]
[WhiteElo "1892"]
[BlackElo "2090"]
[Result "0-1"]
[PlyCount "76"]
[EventDate "2016.01.29"]

1. d4 Nf6 2. Nf3 g6 3. c4 Bg7 4. Nc3 d5 5. cxd5 Nxd5 6. Bd2 Nxc3 7. Bxc3 Nd7 8.
e3 O-O 9. Be2 c5 10. O-O b6 11. Qc2 Bb7 12. Rfd1 Qc8 13. d5 Nf6 14. e4 Qg4 15.
Bd3 c4 16. Bxc4 Qxe4 17. Qb3 Rac8 18. Rd4 Qf5 19. Rdd1 Ne4 20. Bxg7 Kxg7 21.
Rac1 Nd6 22. Qc3+ Kg8 23. Qd4 Nxc4 24. Rxc4 Rxc4 25. Qxc4 Rc8 26. Qe2 Bxd5 27.
Qxe7 Bxf3 28. gxf3 Qxf3 29. Rd8+ Rxd8 30. Qxd8+ Kg7 31. Qd7 h5 32. Qd4+ Kh7 33.
Qd2 Qg4+ 34. Kf1 Qe4 35. b4 Qh1+ 36. Ke2 Qxh2 37. Qd7 Qe5+ 38. Kf1 Qa1+ 0-1

[Event "C.to Provinciale AN-AP-FM-MC"]
[Site "Porto Sant'Elpidio ITA"]
[Date "2016.01.31"]
[Round "4"]
[White "Tibulca Victor, George"]
[Black "Vannicola, Roberto"]
[WhiteElo "1452"]
[BlackElo "1549"]
[Result "0-1"]
[PlyCount "104"]
[EventDate "2016.01.29"]

1. e4 c6 2. Nf3 d5 3. exd5 cxd5 4. d4 Nc6 5. Bb5 Bd7 6. Nbd2 Nf6 7. c4 e6 8. c5
b6 9. Qa4 Qc7 10. O-O bxc5 11. Re1 c4 12. Ne5 Nxe5 13. dxe5 Bxb5 14. Qxb5+ Nd7
15. b3 c3 16. Nf3 Be7 17. Bg5 Bxg5 18. Nxg5 O-O 19. Qd3 g6 20. Qh3 h5 21. Nxe6
fxe6 22. Qxe6+ Kg7 23. Qe7+ Rf7 24. Qg5 Nf8 25. e6 Rf5 26. Qe3 Re8 27. Qd4+ Kh7
28. Qb4 Rxe6 29. Rac1 Rxe1+ 30. Rxe1 Rf7 31. Rc1 c2 32. Qd2 Qf4 33. Qxc2 Ne6
34. Qb2 Nd4 35. Rf1 Rf5 36. b4 Rg5 37. g3 Qe4 38. Rc1 Ne2+ 39. Kf1 Nxc1 40.
Qxc1 Qc4+ 41. Qxc4 dxc4 42. Ke2 Rd5 43. a4 c3 44. b5 c2 45. a5 c1=Q 46. b6 Qd1+
47. Ke3 Qd4+ 48. Kf3 Rf5+ 49. Kg2 Qxf2+ 50. Kh3 Qf1+ 51. Kh4 g5+ 52. Kxh5 Qh3#
0-1

[Event "C.to Provinciale AN-AP-FM-MC"]
[Site "Porto Sant'Elpidio ITA"]
[Date "2016.01.31"]
[Round "5"]
[White "Bruni, Emiliano"]
[Black "Marchetti, Michael"]
[WhiteElo "1784"]
[BlackElo "1818"]
[Result "1-0"]
[PlyCount "185"]
[EventDate "2016.01.29"]

1. e4 c5 2. Nf3 d6 3. d4 cxd4 4. Nxd4 Nf6 5. Nc3 g6 6. Bc4 Bg7 7. h3 Nc6 8. Be3
Bd7 9. O-O O-O 10. Re1 a6 11. a4 Ne5 12. Bb3 Rc8 13. f4 Nc4 14. Bxc4 Rxc4 15.
Qd3 Rc8 16. Rad1 Bc6 17. Nxc6 Rxc6 18. Ne2 Qc7 19. c3 Rd8 20. Ng3 Nd7 21. Ra1
Nc5 22. Qe2 Nb3 23. Ra3 Na5 24. Bf2 Nc4 25. Ra2 Nxb2 26. Rxb2 Bxc3 27. Reb1
Bxb2 28. Qxb2 Rb8 29. Bb6 Qc8 30. a5 Rc2 31. Qd4 Rc1+ 32. Rxc1 Qxc1+ 33. Kh2
Qxf4 34. Qc3 h5 35. Be3 Qe5 36. Bd4 Qf4 37. Be3 Qe5 38. Bd4 Qb5 39. Bb6 Qc6 40.
Qd3 Rc8 41. Qf3 Qc3 42. Qf4 Qe5 43. Qxe5 dxe5 44. Nf1 Rc4 45. Nd2 Rc2 46. Nb3
f6 47. Nc5 Rc4 48. Kg3 Kf7 49. Kf3 Rc3+ 50. Ke2 Rxc5 51. Bxc5 Ke6 52. Ke3 Kd7
53. g3 e6 54. g4 hxg4 55. hxg4 f5 56. exf5 exf5 57. gxf5 gxf5 58. Bb6 Ke6 59.
Ke2 e4 60. Ke3 Ke5 61. Bc7+ Kd5 62. Bb6 Kc4 63. Bc7 Kc3 64. Be5+ Kb4 65. Bc7
Kb5 66. Bb6 Kc6 67. Kf4 Kb5 68. Ke3 Kc4 69. Bc7 Kd5 70. Bb6 Ke5 71. Bc7+ Ke6
72. Bb6 Kf6 73. Kf4 Ke6 74. Ke3 Kf7 75. Kf4 Kg6 76. Bd8 Kh5 77. Kxf5 e3 78. Bg5
e2 79. Bd2 Kh4 80. Ke5 Kg4 81. Kd5 Kf5 82. Kc5 Ke4 83. Kb6 Kd3 84. Be1 Kc4 85.
Kxb7 Kc5 86. Kxa6 Kc6 87. Bf2 e1=Q 88. Bxe1 Kc7 89. Bg3+ Kc6 90. Ka7 Kb5 91.
Bc7 Kc6 92. Kb8 Kb5 93. Kb7 1-0

[Event "C.to Provinciale AN-AP-FM-MC"]
[Site "Porto Sant'Elpidio ITA"]
[Date "2016.01.31"]
[Round "5"]
[White "Cappella, Leonardo"]
[Black "Ricci, Angelo"]
[WhiteElo "1649"]
[BlackElo "1445"]
[Result "1-0"]
[PlyCount "85"]
[EventDate "2016.01.29"]

1. d4 Nf6 2. c4 c5 3. d5 d6 4. Nc3 e6 5. e4 exd5 6. cxd5 g6 7. f4 Bg7 8. Bb5+
Nbd7 9. e5 Qe7 10. Qe2 O-O 11. exf6 Qxf6 12. a4 Qd8 13. Qf2 Bd4 14. Qg3 Nf6 15.
Nf3 Qe7+ 16. Kd1 Bxc3 17. bxc3 Nxd5 18. Bd2 Qf6 19. Rc1 a6 20. Bc4 Nb6 21. Bb3
c4 22. Bc2 Bd7 23. a5 Nd5 24. Nd4 Rfe8 25. Qg5 Qxg5 26. fxg5 Bg4+ 27. Ne2 Ne3+
28. Bxe3 Rxe3 29. Kd2 Ree8 30. Ba4 Red8 31. Rb1 Rab8 32. Nd4 Be6 33. Rb6 Bd5
34. Nf3 Rbc8 35. Ra1 Rc5 36. Bd1 Bc6 37. h4 Re8 38. g3 Rd5+ 39. Nd4 Ree5 40.
Bf3 Rxa5 41. Rxa5 Rxa5 42. Bxc6 bxc6 43. Rxc6 1-0

[Event "C.to Provinciale AN-AP-FM-MC"]
[Site "Porto Sant'Elpidio ITA"]
[Date "2016.01.31"]
[Round "5"]
[White "Censi, Cesare"]
[Black "Marvulli, Michele"]
[WhiteElo "1514"]
[BlackElo "1407"]
[Result "1-0"]
[PlyCount "83"]
[EventDate "2016.01.29"]

1. d4 c5 2. c4 Nf6 3. d5 e5 4. Nc3 d6 5. e4 Be7 6. Nf3 O-O 7. Be2 Ne8 8. Qc2 g6
9. Bh6 Ng7 10. h4 Bg4 11. g3 f5 12. Nh2 Bxe2 13. Qxe2 Rf7 14. Bxg7 Kxg7 15.
O-O-O h5 16. exf5 Rxf5 17. Ne4 Qf8 18. Rd3 Na6 19. a3 Rb8 20. Rf3 Rxf3 21. Nxf3
Qf5 22. Nfg5 Nc7 23. f3 Rf8 24. Rf1 a6 25. Qd2 b5 26. Qa5 Qc8 27. Qxc7 Qxc7 28.
Ne6+ Kg8 29. Nxc7 bxc4 30. Nxa6 Rc8 31. f4 exf4 32. Rxf4 Bf8 33. Ng5 Bh6 34.
Rf6 Kg7 35. Rxd6 Rf8 36. Nxc5 Rf3 37. Nce6+ Kg8 38. Rd8+ Bf8 39. Rxf8+ Rxf8 40.
Nxf8 Kxf8 41. Kc2 Ke7 42. Kc3 1-0

[Event "C.to Provinciale AN-AP-FM-MC"]
[Site "Porto Sant'Elpidio ITA"]
[Date "2016.01.31"]
[Round "5"]
[White "Foglia, Maurizio"]
[Black "Gregori, Giacomo"]
[WhiteElo "2090"]
[BlackElo "2122"]
[Result "0-1"]
[PlyCount "50"]
[EventDate "2016.01.29"]

1. d4 Nf6 2. Bg5 g6 3. Nc3 d5 4. f3 h6 5. Bh4 Bg7 6. e3 c6 7. Qd2 Nbd7 8. O-O-O
b5 9. Bd3 b4 10. Nce2 O-O 11. g4 c5 12. dxc5 Nxc5 13. g5 hxg5 14. Bxg5 Qa5 15.
Kb1 Na4 16. Nd4 Ne4 17. Bxe4 dxe4 18. Bxe7 Rb8 19. Nb3 Qe5 20. Nd4 Qxe7 21. Ka1
Be6 22. fxe4 Qb7 23. Nge2 Qa6 24. Qd3 Bc4 25. Qd2 Nc3 0-1

[Event "C.to Provinciale AN-AP-FM-MC"]
[Site "Porto Sant'Elpidio ITA"]
[Date "2016.01.31"]
[Round "5"]
[White "Fratini, Mauro"]
[Black "Occhipinti, Giuseppe"]
[WhiteElo "1815"]
[BlackElo "1969"]
[Result "1/2-1/2"]
[PlyCount "237"]
[EventDate "2016.01.29"]

1. d4 f5 2. Bf4 e6 3. e3 Nf6 4. Be2 Be7 5. h3 d6 6. Nf3 O-O 7. O-O b6 8. c4 h6
9. Nc3 Bb7 10. Nd2 g5 11. Bg3 Nbd7 12. Bf3 Bxf3 13. Qxf3 a6 14. b4 g4 15. hxg4
Nxg4 16. Rfd1 Bh4 17. Nf1 Bxg3 18. Qxg3 Kh7 19. e4 Rg8 20. Qf4 Qe7 21. Re1 Qg7
22. exf5 e5 23. dxe5 Ngxe5 24. Qg3 Qf7 25. Qh3 Nf6 26. Nd2 Rg5 27. Nf3 Nxf3+
28. Qxf3 Rag8 29. g3 Qxc4 30. Re7+ R8g7 31. Re6 Qd4 32. Kg2 Nh5 33. Ne4 Rg4 34.
Rc1 d5 35. f6 Nf4+ 36. Kf1 dxe4 37. Rxe4 Qd3+ 38. Qxd3 Nxd3 39. Rxg4 Rxg4 40.
Rxc7+ Kg8 41. a3 a5 42. bxa5 bxa5 43. Ke2 Nb2 44. Kd2 Nc4+ 45. Kc3 Nd6 46. Kd3
Ra4 47. Rc6 Rxa3+ 48. Kc2 Nf7 49. Ra6 Ra2+ 50. Kb1 Rxf2 51. Rxa5 Rxf6 52. Rh5
Rf2 53. Kc1 Kg7 54. Kd1 Kg6 55. Rh4 Kg5 56. Ke1 Rg2 57. Rf4 Ne5 58. Re4 Ng4 59.
Ra4 Rxg3 60. Ra5+ Kh4 61. Ra4 Kh3 62. Ra5 Kh4 63. Ra4 h5 64. Ra5 Rg2 65. Kf1
Ne3+ 66. Ke1 Kg4 67. Rg5+ Kh4 68. Rxh5+ Kg3 69. Rh3+ Kf4 70. Rf3+ Ke4 71. Rf4+
Kd5 72. Rd4+ Kc5 73. Rd8 Nc4 74. Kf1 Ra2 75. Kg1 Nd6 76. Rf8 Kd4 77. Rd8 Ke5
78. Rf8 Nf5 79. Re8+ Kf4 80. Rf8 Kg4 81. Rg8+ Kf3 82. Rf8 Ra5 83. Kh2 Ra2+ 84.
Kg1 Kf4 85. Kf1 Kg4 86. Rg8+ Kf3 87. Ke1 Nd6 88. Rf8+ Ke3 89. Kf1 Ne4 90. Kg1
Rb2 91. Re8 Rb7 92. Rg8 Rf7 93. Rg6 Rf4 94. Kh2 Kf2 95. Rg2+ Kf3 96. Ra2 Nf2
97. Ra3+ Kg4 98. Rb3 Kh4 99. Kg2 Ng4 100. Rh3+ Kg5 101. Rg3 Rf2+ 102. Kg1 Ra2
103. Rb3 Re2 104. Kf1 Rh2 105. Ke1 Kf4 106. Rb4+ Kf3 107. Rb8 Re2+ 108. Kd1
Ne3+ 109. Kc1 Rc2+ 110. Kb1 Rc3 111. Kb2 Rd3 112. Rf8+ Ke2 113. Re8 Kd2 114.
Rb8 Nc4+ 115. Kb1 Kc3 116. Kc1 Na3 117. Rc8+ Kb3 118. Rb8+ Ka2 119. Rb2+
1/2-1/2

[Event "C.to Provinciale AN-AP-FM-MC"]
[Site "Porto Sant'Elpidio ITA"]
[Date "2016.01.31"]
[Round "5"]
[White "Marinucci, Johnny"]
[Black "Peretti, Feliciano"]
[WhiteElo "1666"]
[BlackElo "1212"]
[Result "1-0"]
[PlyCount "77"]
[EventDate "2016.01.29"]

1. d4 Nf6 2. Bf4 g6 3. e3 Bg7 4. Nf3 O-O 5. h3 d6 6. Be2 Nbd7 7. c4 c5 8. O-O
b6 9. Nc3 Bb7 10. Bh2 Re8 11. d5 h6 12. Qc2 Nf8 13. Rad1 Bc8 14. b3 N6h7 15.
Rfe1 e5 16. dxe6 Rxe6 17. Nb5 d5 18. Rxd5 Qe7 19. Nc7 Bb7 20. Rdd1 Rxe3 21.
fxe3 Qxe3+ 22. Kh1 Rc8 23. Qd3 Qe7 24. Nd5 Bxd5 25. Qxd5 Nf6 26. Qe5 Ne6 27.
Qd6 Qb7 28. Qd3 Ne4 29. Qc2 Nd4 30. Nxd4 Bxd4 31. Rxd4 cxd4 32. Kg1 Ng5 33. h4
Nh7 34. Bf3 Qd7 35. Qe2 d3 36. Qe3 g5 37. hxg5 Nxg5 38. Bd5 Qf5 39. Rf1 1-0

[Event "C.to Provinciale AN-AP-FM-MC"]
[Site "Porto Sant'Elpidio ITA"]
[Date "2016.01.31"]
[Round "5"]
[White "Marzetti, Alessandro"]
[Black "Tibulca Victor, George"]
[WhiteElo "1276"]
[BlackElo "1452"]
[Result "1/2-1/2"]
[PlyCount "73"]
[EventDate "2016.01.29"]

1. d4 Nf6 2. c4 d5 3. Nc3 c6 4. cxd5 Nxd5 5. e4 Nxc3 6. bxc3 e6 7. Bc4 Nd7 8.
Ne2 Nf6 9. Qc2 c5 10. Bg5 Be7 11. Rb1 b6 12. O-O Bb7 13. f3 O-O 14. Rfd1 Qc7
15. Bf4 Qc6 16. Bb5 Qc8 17. Qb2 Rd8 18. a4 Nh5 19. Be3 Bd6 20. e5 Bc7 21. Bd3
f6 22. Nf4 Nxf4 23. Bxf4 f5 24. dxc5 Ba6 25. Bb5 Bxb5 26. Qxb5 Rxd1+ 27. Rxd1
Qe8 28. Qxe8+ Rxe8 29. c6 a6 30. Kf1 b5 31. axb5 axb5 32. Ke2 Ra8 33. Rd2 Ra6
34. Rb2 Rxc6 35. Rxb5 Rxc3 36. Rb2 h6 37. Bg3 1/2-1/2

[Event "C.to Provinciale AN-AP-FM-MC"]
[Site "Porto Sant'Elpidio ITA"]
[Date "2016.01.31"]
[Round "5"]
[White "Menichelli, Alessandro"]
[Black "Rinaudo, Claudio"]
[WhiteElo "1922"]
[BlackElo "1892"]
[Result "0-1"]
[PlyCount "105"]
[EventDate "2016.01.29"]

1. Nf3 d5 2. d4 Nf6 3. Bf4 c5 4. c3 Qb6 5. Qb3 c4 6. Qxb6 axb6 7. Nbd2 Nc6 8.
e4 e6 9. e5 Nd7 10. Be2 b5 11. O-O b4 12. cxb4 Bxb4 13. a3 Ba5 14. Nb1 b5 15.
Nc3 Ba6 16. Rfc1 O-O 17. Be3 Rfb8 18. Nd2 Bb6 19. Nf3 Bd8 20. Nd2 Be7 21. b3
Na5 22. b4 Nc6 23. g3 Ndxe5 24. Bf4 Nd7 25. Bxb8 Rxb8 26. f4 Bf6 27. Nf3 Nxd4
28. Nxd4 Bxd4+ 29. Kg2 Bxc3 30. Rxc3 d4 31. Rcc1 Bb7+ 32. Bf3 Nb6 33. Bxb7 Rxb7
34. Kf3 Rd7 35. Rd1 Kf8 36. Rac1 Ke7 37. Ke4 d3 38. Ke3 Rd5 39. g4 f6 40. h3
Rd8 41. Kd2 Kd6 42. Re1 Kd5 43. Re3 Rd6 44. Ra1 e5 45. fxe5 fxe5 46. Rae1 Nd7
47. Ra1 Rf6 48. a4 bxa4 49. Rxa4 Kd4 50. Rg3 c3+ 51. Ke1 Nb6 52. Ra7 c2 53. Ra1
0-1

[Event "C.to Provinciale AN-AP-FM-MC"]
[Site "Porto Sant'Elpidio ITA"]
[Date "2016.01.31"]
[Round "5"]
[White "Pocognoli, Gianfranco"]
[Black "Agostinelli, Michele"]
[WhiteElo "1694"]
[BlackElo "1558"]
[Result "1-0"]
[PlyCount "71"]
[EventDate "2016.01.29"]

1. d4 d5 2. e3 Nf6 3. f4 e6 4. Nf3 c5 5. c3 c4 6. g3 b5 7. Bg2 Bb7 8. Nbd2 Nc6
9. Qe2 a5 10. Ne5 b4 11. Nxc6 Bxc6 12. Nxc4 Bb5 13. Nd6+ Bxd6 14. Qxb5+ Nd7 15.
Qd3 O-O 16. Bd2 Nb6 17. b3 a4 18. O-O bxc3 19. Bxc3 Qe7 20. Bb2 Ra7 21. Rfc1
Ba3 22. Bxa3 Qxa3 23. Qb5 axb3 24. Qxb3 Qd6 25. Bf1 f6 26. Qb5 Rb8 27. Rc6 Qa3
28. Rxe6 Kf7 29. Rxb6 Qxe3+ 30. Kh1 Qe4+ 31. Bg2 Rxb6 32. Qxb6 Qe7 33. Bxd5+
Kg6 34. Qe6 Qb4 35. Be4+ Kh6 36. Qh3# 1-0

[Event "C.to Provinciale AN-AP-FM-MC"]
[Site "Porto Sant'Elpidio ITA"]
[Date "2016.01.31"]
[Round "5"]
[White "Sagripanti, Michele"]
[Black "Guglielmi, Dante"]
[WhiteElo "2157"]
[BlackElo "1851"]
[Result "1-0"]
[PlyCount "115"]
[EventDate "2016.01.29"]

1. e4 c5 2. c3 d5 3. exd5 Qxd5 4. d4 e6 5. Nf3 Nf6 6. Na3 cxd4 7. Nb5 Na6 8.
Nbxd4 Nc7 9. Bd3 Be7 10. Bf4 Qd8 11. Qc2 O-O 12. Rd1 Ncd5 13. Bg3 Qa5 14. O-O
Bd7 15. Ne5 h6 16. Nxd7 Nxd7 17. Rfe1 Rac8 18. Nb3 Qb6 19. Be4 N5f6 20. Bf3
Rfd8 21. Rd2 Nb8 22. Red1 Nc6 23. Rxd8+ Rxd8 24. Rxd8+ Bxd8 25. Bf4 Qa6 26. Nc5
Qb5 27. b4 Be7 28. Qd3 Qxd3 29. Nxd3 Nd5 30. Bd2 Bf6 31. c4 Nc3 32. b5 Na5 33.
c5 Nc4 34. Bxc3 Bxc3 35. Bxb7 Kf8 36. b6 axb6 37. c6 Ke7 38. c7 Nd6 39. c8=Q
Nxc8 40. Bxc8 Kd6 41. Bb7 e5 42. f3 f5 43. Kf2 Kc7 44. Bd5 Kd6 45. Ba8 g5 46.
g4 Ke6 47. Bb7 Kf6 48. h3 Kg6 49. Bc8 fxg4 50. hxg4 h5 51. gxh5+ Kxh5 52. Ke3
Kg6 53. Ke4 Kf6 54. a4 Ba5 55. Bf5 Bc3 56. Nf2 Ke7 57. Kd5 Kf6 58. Be4 1-0

[Event "C.to Provinciale AN-AP-FM-MC"]
[Site "Porto Sant'Elpidio ITA"]
[Date "2016.01.31"]
[Round "5"]
[White "Sbraccia, Giovanni"]
[Black "Miandro, Steven"]
[WhiteElo "1919"]
[BlackElo "1881"]
[Result "1/2-1/2"]
[PlyCount "85"]
[EventDate "2016.01.29"]

1. Nf3 Nf6 2. c4 g6 3. Nc3 Bg7 4. g3 O-O 5. Bg2 d6 6. O-O e5 7. d3 Nc6 8. Bd2
Re8 9. Rb1 e4 10. dxe4 Nxe4 11. Nxe4 Rxe4 12. Ng5 Re8 13. Bd5 Rf8 14. Ne4 h6
15. Bc3 Bxc3 16. Nxc3 Qf6 17. Ne4 Qd4 18. Qc1 Kh7 19. Qf4 Qe5 20. c5 Qxf4 21.
gxf4 Ne7 22. Rbd1 Nxd5 23. Rxd5 dxc5 24. Rxc5 c6 25. a4 Be6 26. a5 Kg7 27. f3
Rfd8 28. Rfc1 Rab8 29. b4 Rd5 30. Kf2 Rd4 31. b5 cxb5 32. Rxb5 Rd5 33. Nc5 b6
34. Nxe6+ fxe6 35. Rxd5 exd5 36. Rc7+ Kf6 37. a6 b5 38. Rb7 Rc8 39. Rxa7 b4 40.
Rb7 Ra8 41. Rb6+ Kf5 42. Ke3 b3 43. Rxb3 1/2-1/2

[Event "C.to Provinciale AN-AP-FM-MC"]
[Site "Porto Sant'Elpidio ITA"]
[Date "2016.01.31"]
[Round "5"]
[White "Serpilli, Francesco"]
[Black "Della Mora, David"]
[WhiteElo "1586"]
[BlackElo "1813"]
[Result "0-1"]
[PlyCount "70"]
[EventDate "2016.01.29"]

1. d4 Nf6 2. c4 g6 3. Nc3 Bg7 4. e4 d6 5. Be2 O-O 6. Bg5 Nbd7 7. Qd2 e5 8. d5
Nc5 9. f3 a5 10. h4 Qe8 11. Nb5 Qd7 12. g4 h5 13. gxh5 Nxh5 14. Bf1 Ng3 15. Bh3
f5 16. Rh2 Qf7 17. Rg2 f4 18. O-O-O Bxh3 19. Nxh3 Rfe8 20. Kb1 Rf8 21. Nf2 Qd7
22. Ng4 Ncxe4 23. Qd3 Nxg5 24. hxg5 Rf5 25. Rh2 Rxg5 26. Nc3 Rf8 27. Rg1 Qf5
28. Ne4 Rxg4 29. fxg4 Qxe4 30. Qxe4 Nxe4 31. Kc2 f3 32. Rf1 Ng3 33. Rff2 e4 34.
Kd2 Bd4 35. b3 e3+ 0-1

[Event "C.to Provinciale AN-AP-FM-MC"]
[Site "Porto Sant'Elpidio ITA"]
[Date "2016.01.31"]
[Round "5"]
[White "Skrijely, Edin"]
[Black "Nagni, Marco"]
[WhiteElo "1682"]
[BlackElo "1775"]
[Result "0-1"]
[PlyCount "108"]
[EventDate "2016.01.29"]

1. e4 c5 2. Nc3 Nc6 3. g3 g6 4. Bg2 Bg7 5. d3 d6 6. Be3 e6 7. Nh3 Nge7 8. O-O
O-O 9. f4 Nd4 10. Qd2 Bd7 11. Ng5 Rb8 12. f5 exf5 13. Nd5 Nxd5 14. exd5 Nb5 15.
c3 Nc7 16. h4 h6 17. Nh3 Kh7 18. Bf4 Bc8 19. Rae1 b5 20. b3 Ba6 21. c4 Qd7 22.
Nf2 Rbe8 23. Bh3 h5 24. Ne4 Be5 25. Bg5 f6 26. Bf4 Qd8 27. Bxe5 Rxe5 28. Nc3
Rfe8 29. Ne2 Qe7 30. Rf2 Bc8 31. Bg2 b4 32. d4 cxd4 33. Qxd4 Na6 34. Kf1 Nc5
35. Qd2 a5 36. Rd1 Qg7 37. Nd4 Qh6 38. Rf4 Qg7 39. Rf2 Re3 40. Ne6 Qh6 41. Nxc5
dxc5 42. Qb2 Rc3 43. Re2 Ree3 44. Kf2 f4 45. Rxe3 fxe3+ 46. Kg1 Bg4 47. Re1 e2
48. Rxe2 Bxe2 49. Qxe2 Qe3+ 50. Qxe3 Rxe3 51. Kf2 Rd3 52. Be4 Rd4 53. Ke3 Kh6
54. Kf4 g5+ 0-1

[Event "C.to Provinciale AN-AP-FM-MC"]
[Site "Porto Sant'Elpidio ITA"]
[Date "2016.01.31"]
[Round "5"]
[White "Vannicola, Roberto"]
[Black "Cerquetti, Edoardo"]
[WhiteElo "1549"]
[BlackElo "1388"]
[Result "0-1"]
[PlyCount "132"]
[EventDate "2016.01.29"]

1. c4 c5 2. g3 g6 3. Bg2 Bg7 4. Nc3 Nc6 5. Nf3 d6 6. O-O Nf6 7. d3 O-O 8. Bd2
Bg4 9. h3 Bd7 10. Rb1 Qc8 11. Kh2 Nh5 12. e4 Ne5 13. Nxe5 Bxe5 14. f4 Bd4 15.
Nd5 Qd8 16. f5 Nf6 17. fxg6 fxg6 18. Nxf6+ Bxf6 19. Qc1 Qc7 20. Bg5 Rae8 21.
Bxf6 Rxf6 22. Rxf6 exf6 23. Qc3 f5 24. exf5 Bxf5 25. Bd5+ Be6 26. Re1 Qf7 27.
Bg2 b6 28. Rf1 Qg7 29. Qd2 Bf5 30. Bd5+ Kh8 31. Kh1 Qd4 32. Re1 Re5 33. g4 Bxd3
34. Rd1 Be4+ 35. Bxe4 Qxe4+ 36. Kg1 Re6 37. Qf2 Kg7 38. Qd2 Qxc4 39. Re1 Rxe1+
40. Qxe1 Qd4+ 41. Kh1 Qe5 42. Qd2 g5 43. Qg2 d5 44. Kg1 Qe4 45. Qf1 Qe3+ 46.
Kg2 d4 47. Qf5 Qe2+ 48. Kh1 Qe7 49. Qd5 Qe1+ 50. Kg2 Qe2+ 51. Kg3 Qe3+ 52. Kg2
Qf4 53. Qd7+ Kf6 54. Qxh7 Ke5 55. Qc7+ Ke4 56. Qh7+ Ke3 57. Qc2 Qf3+ 58. Kg1
Qg3+ 59. Kf1 Qxh3+ 60. Kg1 Qxg4+ 61. Kf1 Qf3+ 62. Kg1 Qe2 63. Qb3+ Kd2 64. Qf7
Qg4+ 65. Kh1 Ke3 66. Qe7+ Qe4+ 0-1

[Event "C.to Provinciale AN-AP-FM-MC"]
[Site "Porto Sant'Elpidio ITA"]
[Date "2016.01.31"]
[Round "5"]
[White "Zingaretti, Primo"]
[Black "Lattanzi, Matteo"]
[WhiteElo "1569"]
[BlackElo "1686"]
[Result "0-1"]
[PlyCount "50"]
[EventDate "2016.01.29"]

1. e4 e6 2. f4 d5 3. e5 c5 4. Nf3 Nc6 5. Bb5 Bd7 6. Nc3 Qb6 7. Bxc6 Bxc6 8. d3
Ne7 9. O-O O-O-O 10. Ng5 Be8 11. Ne2 h6 12. Nf3 d4 13. Rb1 Bc6 14. Bd2 a5 15.
Qe1 Qa7 16. Bxa5 b6 17. Bd2 Nf5 18. a3 Be7 19. Ra1 g5 20. fxg5 hxg5 21. Bxg5
Bxg5 22. Nxg5 Rdg8 23. Qd2 Ne3 24. Rxf7 Rxg5 25. Rxa7 Rxg2+ 0-1